00533nam a2200145Ia 4500008004100000100001600041245011200057245003300169260000900202300000900211650001300220856006200233999001900295952007300314170221s9999 xx 000 0 und d aQingbo Yuan aDo Banks Price Litigation Risk in Debt Contracting? Evidence from Class Action Lawsuits (pages 1310–1340) cQingbo Yuan and Yunyan Zhang c2014 a13 : xBusiness uhttp://onlinelibrary.wiley.com/doi/10.1111/jbfa.12164/pdf c313256d313256 001040aCLbCLd2017-02-21l0r2017-02-21 00:00:00w2017-02-21yFOJ